Les 25 meilleurs buteurs de Ligue 1 entre 2020/2021 et 2024/2025 - Statistiques

Statistiques générales
  • Ce quiz a été pris 102 fois
  • Le résultat moyen est 15 sur 25
Statistiques - réponses
Nombre de buts Club(s) Nom du joueur % Correct
111 PSG Kylian Mbappe
100%
87 Lille Jonathan David
97%
61 Olympique Lyonnais Alexandre Lacazette
94%
57 Nice/ Rennes/ OM Amine Gouiri
89%
80 As Monaco Wissam Ben Yedder
88%
62 MHSC/ Rennes/ Nice Gaetan Laborde
82%
53 PSG/ Lens/ Rennes Arnaud Kalimuendo
80%
42 Strasbourg/ Brest Ludovic Ajorque
74%
44 MHSC/ Lens/ OM Elye Wahi
71%
35 PSG Neymar
71%
39 MHSC/ Nice/ Nantes Andy Delort
69%
46 Rennes Martin Terrier
62%
52 Lorient/ Nice Terem Moffi
60%
38 Nantes/ Rennes Ludovic Blas
56%
36 MHSC Teji Savanier
50%
32 Reims/ Monaco Folarin Balogun
49%
30 Nantes/ PSG Randal Kolo Muani
49%
28 Nantes Moses Simon
48%
29 Lens Florian Sotoca
47%
34 Rennes Benjamin Bourigeaud
41%
40 Strasbourg Habib Diallo
39%
27 ASSE/ MHSC Arnaud Nordin
26%
28 AS Monaco Kevin Volland
26%
33 OL/ Rennes Karl Toko Ekambi
20%
30 Brest Steve Mounie
18%
Aucun quiz correspondant
Distribution des résultats
% des personnes avec chaque résultat
Percentile par nombre de réponses
Votre historique - résultats
Vous n’avez pas pris ce quiz